000 00984nam a22003257a 4500
003 CHAP
005 20220329134108.0
008 971013s1936 r 00010 d
010 _a15294
011 _a16266
035 _a20345
040 _cCHAP
082 _a625.72
_bH52 1936
100 0 0 _aHickerson, Thomas Felix.
_955148
245 _aHighway surveying and planning
250 _a2 ed.
260 _aNew York :
_bMcGraw-Hill,
_c1936
300 _a422 p.
_b: ilus.
590 _aBATCH-UPD
_b10
_c20130110
_lUCH01
_h1457
590 _aBATCH-UPD
_b10
_c20130410
_lUCH01
_h0921
590 _aBATCH-UPD
_b10
_c20130914
_lUCH01
_h0823
590 _aCONVERSION
_b10
_c20130109
_lUCH01
_h1310
650 1 4 _aCaminos.
_917855
650 1 4 _aCurvas en ingenierĂ­a.
_930737
650 1 4 _aPavimentos.
_986289
901 _aBK
942 _cLIBRO
949 _a625.72 H52 1936
_bBC
_cBPA
_d-47427
_eBPP
_h18864
_i20345
_si
949 _a625.72 H52 1936
_bBC
_cBPA
_d-47430
_eBPP
_fc.2
_h18865
_i20345
_si
999 _c15294
_d15294